W jakim mieście to się znajduje?? - Statystyki

Ogólne statystyki
  • Ten quiz został rozwiązany 37 razy
  • Średni wynik to 10 z 20
Statystyki odpowiedzi
Obrazkowy Odpowiedź % Poprawnych
Piza
89%
Moskwa
86%
Nowy Jork
86%
Dubaj
80%
Malbork
80%
Sydney
80%
Berlin
74%
Paryż
74%
Barcelona
71%
Giza
63%
San Francisco
63%
Stambuł
51%
Waszyngton
49%
Jerozolima
37%
Agra
20%
Watykan
17%
Londyn
14%
Paryż
9%
Salisbury
3%
Siem Reab
0%
Nie znaleziono quizów pasujących do podanych kryteriów
Rozkład punktacji
Procent ludzi z każdym wynikiem
Percentyl według liczby udzielonych odpowiedzi
Twoja historia wyników
Nie rozwiązałeś tego quizu